白先勇細說紅樓夢

資料類型: Book 圖書   書目號:51963

Leader xxxxxxxxxx
001 __ PCLIS00051963
005 __ 20211126152633.0
010 0_ |a978-957-13-6669-2|b上冊 : 平裝|dNT$400
010 0_ |a978-957-13-6670-8|b中冊 : 平裝|dNT$400
010 0_ |a978-957-13-6671-5|b下冊 : 平裝|dNT$400
010 0_ |a978-957-13-6672-2|b全套 : 平裝
042 __ |anbim
100 __ |a20170215d2016    mk y0chiy09      e
101 0_ |achi
102 __ |atw
105 __ |aa   z   000yy
200 1_ |a白先勇細說紅樓夢|f白先勇著|g(清)改琦繪
205 __ |a二版
210 __ |a臺北市|c時報文化|d2016[民105]
215 0_ |a3冊(1039面)|c彩圖|d23公分
605 __ |2cst|a紅樓夢
606 __ |2cst|a紅學
606 __ |2cst|a研究考訂
681 __ |a857.49|b8676
681 __ |a857.49|b8676 2016
681 __ |a857.49|b2621|y105
700 _1 |a|b先勇|f1937- |4702 _1 |s|a改琦|f1773-1828|4801 _0 |atw|bFCU|c20170215|gCCR
801 _1 |atw|b內湖高中|c20180411|gCCR
801 _2 |atw|b內湖高中|c20211126|gCCR
詳細館藏 1-3 筆 (共 3 筆)
索 書 號登 錄 號冊次號館別 / 館藏地流通類型狀態加入預約清單電子資源
857.49 / 8676 2020425 v.1 圖書館 / 一樓普通區 可外借30天 在館   
857.49 / 8676 2020426 v.2 圖書館 / 一樓普通區 可外借30天 在館   
857.49 / 8676 2020427 v.3 圖書館 / 一樓普通區 可外借30天 在館   

| 條列資料




目錄查詢 分類查詢 個人資料 圖書薦購 新書查詢 閉館日 排行榜 更多電子資源 Hami書城 線上資料庫 登出

From : 216.73.217.52

  本日流通累計至 01:50:29 借閱 : 0 次 續借 : 0 次 歸還 : 0 次 預約 : 0 次 電子資源 : 0 次


內湖高中圖書館  PCLIS 版本  26.5.0.12